Loading...
| Beliefs | 2 | 0 | 0 | 0 | 30 | 61 | 63.50 | 2 | 2 |
| Literature - European Literature | 1 | 0 | 0 | 0 | 15 | 44 | 44.00 | 1 | 1 |
| Fine Arts - Visual Fine Arts | 1 | 0 | 0 | 0 | 15 | 48 | 48.00 | 1 | 1 |
| History - World History | 1 | 0 | 0 | 0 | 15 | 22 | 22.00 | 1 | 1 |
| Philosophy | 1 | 0 | 0 | 0 | 15 | 41 | 41.00 | 1 | 1 |
| History - American History | 0 | 1 | 0 | 0 | 10 | 80 | 80.00 | 1 | 1 |
| Fine Arts - Auditory Fine Arts | 0 | 1 | 0 | 1 | 10 | 85 | 85.00 | 1 | 1 |
| Science - Physics | 0 | 1 | 0 | 0 | 10 | 97 | 97.00 | 1 | 1 |
| History - European History | 0 | 1 | 0 | 0 | 10 | 102 | 102.00 | 1 | 1 |
| Literature - British Literature | 0 | 1 | 0 | 0 | 10 | 126 | 126.00 | 1 | 1 |
| Other Arts: Visual | 0 | 1 | 0 | 0 | 10 | 118 | 118.00 | 1 | 1 |
| 0 | 1 | 0 | 0 | 10 | 91 | 91.00 | 1 | 1 | |
| Science - Biology | 0 | 1 | 0 | 0 | 10 | 110 | 110.00 | 1 | 1 |
| Science - Chemistry | 0 | 1 | 0 | 0 | 10 | 59 | 59.00 | 1 | 1 |
| Social Science | 0 | 0 | 1 | 0 | -5 | 0.00 | 0 | 0 | |
| Other Science: Earth Science | 0 | 0 | 1 | 0 | -5 | 0.00 | 0 | 0 | |
| Current Events | 0 | 0 | 1 | 0 | -5 | 0.00 | 0 | 0 |